Comptes rendus des seances de l'Academie des sciences. Serie I, Mathematique.

Bibliographic Details
New Title:Comptes rendus de lAcademie des sciences. Serie I, Mathematique.
Previous Title:Comptes rendus des seances de l'Academie des sciences. Serie A: Sciences mathematiques; serie B: sciences physiques
Corporate Author: Académie des sciences (France)
Format: Journal
Language:French
Language Notes:Summaries in English.
Published: Paris : Gauthier-Villars, [1981-1983]
Subjects:
Online Availability: Check for online availability

MARC

Tag First Indicator Second Indicator Subfields
LEADER 00000cas a2200000 a 4500
001 in00000071124
005 20151008062052.0
008 810401d19811983fr wr7p f0uuub0fre d
010 |a  81642918  
012 |a 4  |b 3  |i 8407 
022 0 |a 0249-6291  |9 0151-0509  |9 0249-6321 
030 |a CRSMDY  |z CHASAP  |z CHDBAN 
035 |a (OCoLC)07293022 
035 |9 AAJ9448AM 
037 |b Gauthier-Villars, C.D.R., Centrale des revues, B.P. no 119, 93104 Montreuil Cedex, France. 
040 |a LYU  |c LYU  |d DLC  |d NST  |d OCL  |d NST  |d DLC  |d NST  |d NSD  |d NST  |d DLC  |d NST  |d NSD  |d AIP  |d OCL  |d AIP  |d NST  |d TXA  |d UtOrBLW 
041 0 |a fre  |b eng 
042 |a lc  |a nsdp 
049 |a TXAE 
050 0 0 |a Q2  |b .A25 
082 0 |a 510 
210 0 |a C. r. seances Acad. sci., Ser. 1, Math. 
222 0 |a Comptes rendus des seances de l'Academie des sciences, Serie 1, Mathematique 
245 0 0 |a Comptes rendus des seances de l'Academie des sciences.  |n Serie I,  |p Mathematique. 
246 1 3 |a Comptes rendus hebdomadaires des seances de l'Academie des sciences 
264 1 |a Paris :  |b Gauthier-Villars,  |c [1981-1983] 
264 4 |c ©1981-1983 
300 |a  7 volumes :  |b illustrations ;  |c 27 cm. 
310 |a Weekly 
336 |a text  |b txt  |2 rdacontent 
337 |a unmediated  |b n  |2 rdamedia 
338 |a volume  |b nc  |2 rdacarrier 
362 0 |a T. 292, ser. I, no 1 (5 jan. 1981)-t. 297, ser. I, no. 13 (19 dec. 1983). 
500 |a Title from cover. 
500 |a Has supplement: Comptes rendus des seances de lAcademe des sciences. Vie academique. 
546 |a Summaries in English. 
650 0 |a Mathematics  |v Periodicals. 
710 2 |a Académie des sciences (France) 
770 1 |t Comptes rendus des seances de l'Academie des sciences. Vie academique  |w (DLC) 81642839 
780 0 1 |t Comptes rendus des seances de l'Academie des sciences. Serie A: Sciences mathematiques; serie B: sciences physiques  |w (DLC) 81642923 
785 0 0 |t Comptes rendus de lAcademie des sciences. Serie I, Mathematique. 
999 |a MARS 
999 f f |s 1d752659-ad70-3bf6-bb59-05539b9c0405  |i f645e591-5eed-37a9-9e19-a59f9d95ff6d  |t 0 
952 f f |p ric  |a Texas A&M University  |b Rellis Campus  |c Joint Library Facility  |d Remote Storage  |t 0  |e Q2 .A25  |h Library of Congress classification  |i unmediated -- volume  |k t.296:no 13-23  |l 1983  |m A14837988537 
952 f f |p ric  |a Texas A&M University  |b Rellis Campus  |c Joint Library Facility  |d Remote Storage  |t 0  |e Q2 .A25  |h Library of Congress classification  |i unmediated -- volume  |k t.295:no 4-13  |l 1982  |m A14837988626 
952 f f |p ric  |a Texas A&M University  |b Rellis Campus  |c Joint Library Facility  |d Remote Storage  |t 0  |e Q2 .A25  |h Library of Congress classification  |i unmediated -- volume  |k t.295:no 1-3  |l 1982  |m A14837988579 
952 f f |p ric  |a Texas A&M University  |b Rellis Campus  |c Joint Library Facility  |d Remote Storage  |t 0  |e Q2 .A25  |h Library of Congress classification  |i unmediated -- volume  |k t.296:no 1-12  |l 1983  |m A14837988587 
952 f f |p ric  |a Texas A&M University  |b Rellis Campus  |c Joint Library Facility  |d Remote Storage  |t 0  |e Q2 .A25  |h Library of Congress classification  |i unmediated -- volume  |k t.292:no 14-23  |l 1981  |m A14837982329 
952 f f |p ric  |a Texas A&M University  |b Rellis Campus  |c Joint Library Facility  |d Remote Storage  |t 0  |e Q2 .A25  |h Library of Congress classification  |i unmediated -- volume  |k t.293:no 4-15  |l 1981  |m A14837988618 
952 f f |p ric  |a Texas A&M University  |b Rellis Campus  |c Joint Library Facility  |d Remote Storage  |t 0  |e Q2 .A25  |h Library of Congress classification  |i unmediated -- volume  |k t.293:no 1-3  |l 1981  |m A14837982280 
952 f f |p ric  |a Texas A&M University  |b Rellis Campus  |c Joint Library Facility  |d Remote Storage  |t 0  |e Q2 .A25  |h Library of Congress classification  |i unmediated -- volume  |k t.294:no 1-13  |l 1982:Jan.-Mar.  |m A14841571279 
952 f f |p ric  |a Texas A&M University  |b Rellis Campus  |c Joint Library Facility  |d Remote Storage  |t 0  |e Q2 .A25  |h Library of Congress classification  |i unmediated -- volume  |k t.292:no 1-13  |l 1981  |m A14837982272 
952 f f |p ric  |a Texas A&M University  |b Rellis Campus  |c Joint Library Facility  |d Remote Storage  |t 0  |e Q2 .A25  |h Library of Congress classification  |i unmediated -- volume  |k t.297:no 1-3  |l 1983  |m A14838020324 
952 f f |p ric  |a Texas A&M University  |b Rellis Campus  |c Joint Library Facility  |d Remote Storage  |t 0  |e Q2 .A25  |h Library of Congress classification  |i unmediated -- volume  |k t.294:no.14-23  |l 1982:Apr.-June  |m A14841571237 
952 f f |p ric  |a Texas A&M University  |b Rellis Campus  |c Joint Library Facility  |d Remote Storage  |t 0  |e Q2 .A25  |h Library of Congress classification  |i unmediated -- volume  |k t.297:no.4-13  |l 1983:Oct.-Dec.  |m A14841571198 
998 f f |a Q2 .A25  |s t.292-297 (1981-1983)  |t 0  |l Remote Storage